00653 2200229 4500001002100000005001500021035002000036007000300056008004100059020001600100082001000116084001600126100002100142245008200163260004000245300003500285650003800320700001700358520002600375990001100401990001100412INLIS00000000000451520191127031548 a0010-1119000142ta191127 g 0 ind  a602663411-8 a612.1 a612.1 MUH m0 aMUHAMMAD, Ridwan1 aMengenal Lebih Dekat Golongan Darah O /cMuhammad Ridwan; editor, Shabira Ika aYogyakarta :bRomawi Pustaka,c2017 avi, 152 hlm. :bilus. ;c21 cm 4aFISIOLOGI MANUSIA. GOLONGAN DARAH0 aSHABIRA, Ika aBibliografi: hlm. 152 a7226 a a7226 b